Properties of Refrigerant and Psychrometric: Tables and Charts in S. I. Units (Record no. 10740)

000 -LEADER
fixed length control field 00443nam a2200157Ia 4500
008 - FIXED-LENGTH DATA ELEMENTS--GENERAL INFORMATION
fixed length control field 200103s9999||||xx |||||||||||||| ||und||
020 ## - INTERNATIONAL STANDARD BOOK NUMBER
International Standard Book Number 9788186270011
082 ## - DEWEY DECIMAL CLASSIFICATION NUMBER
Classification number Column-57
100 ## - MAIN ENTRY--PERSONAL NAME
Personal name Banwait, S. S. and Laroiya, S. C.
245 #0 - TITLE STATEMENT
Title Properties of Refrigerant and Psychrometric: Tables and Charts in S. I. Units
250 ## - EDITION STATEMENT
Edition statement 24th Ed.
260 ## - PUBLICATION, DISTRIBUTION, ETC. (IMPRINT)
Name of publisher, distributor, etc Birla Publications, Delhi
Date of publication, distribution, etc 2018
300 ## - PHYSICAL DESCRIPTION
Extent 64
942 ## - ADDED ENTRY ELEMENTS (KOHA)
Item type Books
Holdings
Withdrawn status Lost status Source of classification or shelving scheme Damaged status Not for loan Collection code Permanent location Current location Shelving location Date acquired Total Checkouts Total Renewals Barcode Date last seen Date last borrowed Koha item type Public note
          Non-fiction IMU-MPC Library IMU-MPC Library General Stacks 2020-01-08 1 1 MPCBB143 2024-04-10 2024-03-21 Books Column-57
Copyright © 2021 Indian Maritime University, Mumbai Port Campus. All Rights Reserved. Managed & Maintained by Central Library, IMU-Mumbai

webs counters

Powered by Koha